Statistics for fast and furious true or false

Click here to take the quiz!

General Stats

  • This quiz has been taken 453 times
  • The average score is 14 of 16

Answer Stats

QuestionAnswer% Correct
brian was an undercover coptrue
98%
dom killed lettyfalse
95%
dom real name is dominic torettotrue
94%
mia married tejfalse
93%
mia is deadfalse
93%
mia and dom are boyfriend/girlfriendfalse
92%
roman married ramseyfalse
92%
dom has a sontrue
90%
hobbs has a daughtertrue
90%
hobbs and elena has a sonfalse
87%
dom, mia, letty, han, roman, tej, and brian are brothers and sistersfalse
84%
mia is pregnant in furious 7true
81%
dom and letty are marriedtrue
80%
ramsey set dom upfalse
79%
mr nobody arrested domfalse
71%
letty always liked domtrue
62%

Score Distribution

Percentile by Number Answered

Percent of People with Each Score

Your Score History

You have not taken this quiz